[Event "Rated Blitz game"]
[Site "?"]
[Date "2021.11.11"]
[Round "?"]
[White "KingRAZOR"]
[Black "tactinhos2900"]
[Result "0-1"]
[WhiteElo "2327"]
[BlackElo "2627"]
[PlyCount "102"]
[EventDate "2021.??.??"]
[EventType "blitz"]

1. e4 e5 2. Nf3 d5 3. Nxe5 Bd6 4. d4 dxe4 5. Bc4 Bxe5 6. dxe5 Qxd1+ 7. Kxd1 Nc6
8. Bb5 Nge7 9. Nc3 Bf5 10. Re1 O-O-O+ 11. Bd2 Rd4 12. Kc1 Nxe5 13. f3 N7g6 14.
Be3 Rdd8 15. fxe4 Be6 16. Bxa7 b6 17. Ba6+ Kd7 18. Bb7 Ke7 19. b3 Ra8 20. Bxa8
Rxa8 21. Nb5 c6 22. Bxb6 cxb5 23. Bc5+ Ke8 24. Kb2 Rc8 25. Bd4 b4 26. a3 bxa3+
27. Rxa3 f6 28. Ra7 Kf8 29. Rea1 Rd8 30. Ra8 Rxa8 31. Rxa8+ Ke7 32. Ra7+ Bd7
33. c4 Ke6 34. c5 Nc6 35. Ra6 Nge7 36. Bc3 Bc8 37. Rb6 Kd7 38. b4 Nd8 39. b5
Ne6 40. c6+ Kc7 41. Ba5 Kd6 42. c7+ Kd7 43. Rb8 Nxc7 44. b6 Na6 45. Ra8 Nc6 46.
Bc3 Nc5 47. Ra1 Nxe4 48. Rd1+ Ke6 49. Re1 f5 50. g4 g6 51. gxf5+ gxf5 {Time
forfeit} 0-1

[Event "Rated Blitz game"]
[Site "?"]
[Date "2021.11.11"]
[Round "?"]
[White "Brents"]
[Black "GoughPhar"]
[Result "0-1"]
[WhiteElo "2438"]
[BlackElo "2421"]
[PlyCount "76"]
[EventDate "2021.??.??"]
[EventType "blitz"]

1. e4 e5 2. Nf3 d5 3. Nxe5 Bd6 4. d4 dxe4 5. Nc3 Bxe5 6. dxe5 Qxd1+ 7. Kxd1 Nc6
8. Nxe4 Nxe5 9. Be3 Bg4+ 10. f3 Nxf3 11. Be2 O-O-O+ 12. Kc1 Ne5 13. Bxg4+ Nxg4
14. Bf4 N8f6 15. Ng5 Rhf8 16. h3 Nf2 17. Rf1 N2e4 18. Nxe4 Nxe4 19. c3 g5 20.
Be3 f5 21. Bd4 c5 22. Be5 Rfe8 23. Bh2 f4 24. Bg1 Rd2 25. Re1 Rxg2 26. Bxc5 f3
27. Bxa7 Kc7 28. Bd4 f2 29. Rf1 Ng3 30. Rxf2 Rg1+ 31. Kc2 Rxa1 32. Rf7+ Kc6 33.
Rxh7 Nf5 34. Bf6 Rg8 35. Kb3 g4 36. hxg4 Rxg4 37. Be5 Re1 38. Ka3 Rxe5 {Normal}
0-1

[Event "Rated Blitz game"]
[Site "?"]
[Date "2021.11.11"]
[Round "?"]
[White "Taltiger"]
[Black "ALJHoNNzki"]
[Result "1-0"]
[WhiteElo "2405"]
[BlackElo "2402"]
[PlyCount "79"]
[EventDate "2021.??.??"]
[EventType "blitz"]

1. e4 e5 2. Nf3 d5 3. Nxe5 dxe4 4. Nc3 Qd4 5. Nc4 Nc6 6. Nb5 Qd8 7. Qe2 f5 8.
d3 a6 9. Nxc7+ Qxc7 10. dxe4 Qe7 11. e5 Qe6 12. Nb6 Rb8 13. Bf4 Nd4 14. Qd2
Qxb6 15. e6 Ra8 16. O-O-O Nxe6 17. Bc4 Nf6 18. Rhe1 Kf7 19. Be3 Qc6 20. Bb3 Ne4
21. Qa5 Bd6 22. Qxf5+ Nf6 23. Bg5 Re8 24. Bxf6 gxf6 25. Qxh7+ Kf8 26. Qh8+ Kf7
27. Qh7+ Kf8 28. g3 Bc7 29. f4 a5 30. f5 a4 31. fxe6 Bxe6 32. Bxe6 Rxe6 33.
Rxe6 Qxe6 34. Qxc7 Re8 35. Qxb7 Qe3+ 36. Kb1 Qe2 37. Qb4+ Kf7 38. Rc1 Kg6 39.
Qxa4 Qxh2 40. Qxe8+ {Time forfeit} 1-0

[Event "Rated Blitz tournament GXkWl2W1"]
[Site "?"]
[Date "2021.11.11"]
[Round "?"]
[White "banane_verte"]
[Black "Madjrs72"]
[Result "1-0"]
[WhiteElo "2500"]
[BlackElo "2394"]
[PlyCount "59"]
[EventDate "2021.??.??"]
[EventType "blitz"]

1. e4 e5 2. Nf3 d5 3. Nxe5 Bd6 4. d4 dxe4 5. Nc4 Nf6 6. Bg5 O-O 7. Nc3 Re8 8.
Be2 Nc6 9. Nxd6 Qxd6 10. d5 Ne5 11. Qd4 c5 12. Qd2 Bf5 13. O-O-O a6 14. Qf4 Bg6
15. Kb1 Nh5 16. Bxh5 Bxh5 17. Nxe4 Qb6 18. f3 Bg6 19. Rhe1 Nc4 20. b3 Na3+ 21.
Kb2 Nc4+ 22. Ka1 Na3 23. Kb2 Nc4+ 24. Kc1 Na3 25. d6 c4 26. d7 cxb3 27. dxe8=Q+
Rxe8 28. Nf6+ gxf6 29. Rxe8+ Kg7 30. Bh6# {Normal} 1-0

[Event "Rated Blitz game"]
[Site "?"]
[Date "2021.11.11"]
[Round "?"]
[White "Kanon1"]
[Black "Engvangchess"]
[Result "1-0"]
[WhiteElo "2419"]
[BlackElo "2394"]
[PlyCount "107"]
[EventDate "2021.??.??"]
[EventType "blitz"]

1. e4 e5 2. Nf3 d5 3. exd5 Bd6 4. d4 e4 5. Ne5 Nf6 6. Bb5+ Kf8 7. O-O Nxd5 8.
Bc4 c6 9. Qh5 Qe8 10. Ng4 f5 11. Qxe8+ Kxe8 12. Ne3 Be6 13. Bxd5 cxd5 14. f4
Nc6 15. c3 Kd7 16. Nd2 Raf8 17. Nb3 b6 18. a4 a5 19. Nc2 h6 20. Be3 g5 21. Na3
Ne7 22. Nb5 Bb8 23. Nc1 Ng6 24. Ne2 Rhg8 25. Kh1 Nh4 26. Rf2 Ng6 27. b4 Rc8 28.
bxa5 bxa5 29. Rb1 Rc4 30. Ra1 gxf4 31. Bxf4 Nxf4 32. Nxf4 Bxf4 33. Rxf4 Rgc8
34. Rh4 Rxc3 35. Nxc3 Rxc3 36. Rxh6 f4 37. Rf6 f3 38. gxf3 exf3 39. Kg1 Bh3 40.
Kf2 Bg2 41. Ra2 Rd3 42. Rf4 Ke6 43. h4 Rd1 44. Kg3 Rh1 45. Rb2 Rh3+ 46. Kf2 Rh1
47. Rb6+ Ke7 48. Kg3 Rg1 49. Kf2 Rf1+ 50. Kg3 Rg1 51. h5 Rh1 52. h6 Rh3+ 53.
Kf2 Rh5 54. h7 {Normal} 1-0

[Event "Rated Blitz tournament 9w1Sl5vT"]
[Site "?"]
[Date "2021.11.11"]
[Round "?"]
[White "rotaberg"]
[Black "VVV-31"]
[Result "0-1"]
[WhiteElo "2609"]
[BlackElo "2338"]
[PlyCount "78"]
[EventDate "2021.??.??"]
[EventType "blitz"]

1. e4 e5 2. Nf3 d5 3. Nxe5 Bd6 4. d4 dxe4 5. Qh5 Qe7 6. Bc4 Bxe5 7. Qxe5 Qxe5
8. dxe5 Nc6 9. Bf4 Nge7 10. e6 Bxe6 11. Bxe6 fxe6 12. Nd2 Nd5 13. Be3 Ncb4 14.
Kd1 Nxe3+ 15. fxe3 O-O-O 16. a3 Nd5 17. Ke2 Nf6 18. Rhf1 Rd5 19. c4 Rf5 20. h3
h5 21. Rf4 g5 22. Rxf5 exf5 23. Rf1 h4 24. Rxf5 Nh5 25. Rxg5 Ng3+ 26. Ke1 Rd8
27. Nf1 Nxf1 28. Kxf1 Rd2 29. Rg4 Rxb2 30. Rxh4 Rb3 31. Rxe4 Rxa3 32. h4 a5 33.
h5 Ra1+ 34. Ke2 Rh1 35. g4 a4 36. c5 a3 37. Ra4 a2 38. Kf3 a1=Q 39. Ra2 Qxa2 {
Normal} 0-1

[Event "Rated Blitz game"]
[Site "?"]
[Date "2021.11.11"]
[Round "?"]
[White "frank_farmer"]
[Black "ALJHoNNzki"]
[Result "1/2-1/2"]
[WhiteElo "2413"]
[BlackElo "2399"]
[PlyCount "147"]
[EventDate "2021.??.??"]
[EventType "blitz"]

1. e4 e5 2. Nf3 d5 3. Nxe5 dxe4 4. d4 Bd6 5. f4 exf3 6. Nxf3 Nf6 7. Bc4 Bg4 8.
O-O O-O 9. Bg5 Be7 10. c3 c5 11. Qb3 Bxf3 12. Rxf3 cxd4 13. Qxb7 dxc3 14. Nxc3
Nbd7 15. Rd1 Rb8 16. Qxa7 Bc5+ 17. Qxc5 Nxc5 18. Rxd8 Rfxd8 19. Bxf6 gxf6 20.
b3 Rd6 21. Nd5 Kg7 22. Rg3+ Kh8 23. Rf3 Ne4 24. h4 Nd2 25. Rxf6 Rxf6 26. Nxf6
Nxc4 27. bxc4 Rc8 28. Kh2 Rxc4 29. Kh3 Ra4 30. h5 Kg7 31. Nd5 Rxa2 32. g4 f6
33. Kh4 h6 34. Ne3 Ra5 35. Nf5+ Kh7 36. Kg3 Ra4 37. Kf3 Rb4 38. Kg3 Ra4 39. Kf3
Ra8 40. Ke4 Re8+ 41. Kf4 Rh8 42. Nh4 Kg8 43. Ng6 Rh7 44. Kf5 Kf7 45. Nf4 Rg7
46. Ng6 Rxg6 47. hxg6+ Kg7 48. Kf4 Kxg6 49. Kf3 Kg5 50. Kg3 Kg6 51. Kf4 Kf7 52.
Kf5 Kg7 53. Kf4 Kg6 54. Kf3 Kg5 55. Kg3 h5 56. gxh5 Kxh5 57. Kf4 Kg6 58. Kg4
f5+ 59. Kf4 Kf6 60. Kf3 Kg5 61. Kg3 f4+ 62. Kf3 Kf5 63. Kf2 Ke4 64. Ke2 f3+ 65.
Kf2 Kf4 66. Kf1 Ke3 67. Ke1 Kf4 68. Kf2 Kg4 69. Kf1 Kg3 70. Kg1 Kf4 71. Kf2 Ke4
72. Kf1 Ke3 73. Ke1 Kf4 74. Kf2 {Normal} 1/2-1/2

[Event "Rated Blitz game"]
[Site "?"]
[Date "2021.11.11"]
[Round "?"]
[White "Ngazio2000"]
[Black "Annali-annaliew1979"]
[Result "1-0"]
[WhiteElo "2523"]
[BlackElo "2456"]
[PlyCount "111"]
[EventDate "2021.??.??"]
[EventType "blitz"]

1. e4 e5 2. Nf3 d5 3. Nxe5 Qe7 4. d4 f6 5. Nd3 Nc6 6. c3 Bf5 7. Nc5 Bxe4 8. Be3
Rb8 9. Nd2 Bg6 10. Qa4 Qd6 11. Bb5 Nge7 12. O-O a6 13. Be2 Nc8 14. Rfe1 Nb6 15.
Qd1 Be7 16. g3 O-O 17. Bf4 Qd8 18. Ne6 Qc8 19. Bxc7 Qxe6 20. Bg4 Qxg4 21. Qxg4
f5 22. Qd1 Nd7 23. Bxb8 Ndxb8 24. Qb3 Bf7 25. Qxb7 Bf6 26. Nf3 Na5 27. Qc7 Nbc6
28. Ne5 Bxe5 29. dxe5 Nd8 30. Qxa5 Ne6 31. Qxd5 f4 32. Rad1 Re8 33. Qc6 Rf8 34.
Rd7 Ng5 35. Rxf7 Kxf7 36. e6+ Kg8 37. e7 g6 38. exf8=Q+ Kxf8 39. Qe8+ Kg7 40.
Qe7+ Kh6 41. Qxg5+ Kxg5 42. Re5+ Kg4 43. Ra5 h5 44. Rxa6 g5 45. Ra4 Kf3 46.
gxf4 g4 47. h4 g3 48. f5 gxf2+ 49. Kf1 Kg3 50. f6 Kh2 51. f7 Kh3 52. f8=Q Kh2
53. Qf4+ Kh1 54. Qf3+ Kh2 55. Qxf2+ Kh3 56. Qg2# {Normal} 1-0

[Event "Rated Blitz game"]
[Site "?"]
[Date "2021.11.11"]
[Round "?"]
[White "Woltix"]
[Black "alaeldin1212"]
[Result "1-0"]
[WhiteElo "2424"]
[BlackElo "2374"]
[PlyCount "69"]
[EventDate "2021.??.??"]
[EventType "blitz"]

1. e4 e5 2. Nf3 d5 3. exd5 e4 4. Qe2 Nf6 5. d3 Qxd5 6. Nc3 Bb4 7. Bd2 Bxc3 8.
Bxc3 O-O 9. Bxf6 exf3 10. Qe5 Qxe5+ 11. Bxe5 Re8 12. d4 f6 13. Bc4+ Kf8 14.
gxf3 fxe5 15. O-O-O exd4 16. Rxd4 Bf5 17. Rf4 g6 18. h4 h5 19. Rg1 Kg7 20. Rxf5
Nc6 21. Rf7+ Kh6 22. Rxc7 Ne5 23. Be2 Rad8 24. f4 Nc6 25. Bd3 Rd6 26. Rxb7 Rf8
27. f5 gxf5 28. Rgg7 Ne5 29. Be2 Ng4 30. b3 Re8 31. Bd3 Nxf2 32. Bxf5 Re1+ 33.
Kb2 Nd1+ 34. Ka3 Ra6+ 35. Kb4 {Normal} 1-0

[Event "Rated Blitz game"]
[Site "?"]
[Date "2021.11.11"]
[Round "?"]
[White "anishgirly"]
[Black "MrGreshen"]
[Result "1-0"]
[WhiteElo "2530"]
[BlackElo "2607"]
[PlyCount "37"]
[EventDate "2021.??.??"]
[EventType "blitz"]

1. e4 e5 2. Nf3 d5 3. exd5 e4 4. Qe2 Qe7 5. Nd4 Nf6 6. Nc3 Nbd7 7. g3 Qe5 8.
Ndb5 a6 9. d4 exd3 10. Nxc7+ Kd8 11. Qxe5 Nxe5 12. Nxa8 dxc2 13. Be2 Bc5 14.
Be3 Bxe3 15. fxe3 Nfg4 16. Nb6 Nxe3 17. Kd2 Nf5 18. Nxc8 Kxc8 19. Rhf1 {Normal}
1-0

[Event "Rated Blitz game"]
[Site "?"]
[Date "2021.11.11"]
[Round "?"]
[White "Ngc99"]
[Black "MrGreshen"]
[Result "1/2-1/2"]
[WhiteElo "2556"]
[BlackElo "2592"]
[PlyCount "22"]
[EventDate "2021.??.??"]
[EventType "blitz"]

1. e4 e5 2. Nf3 d5 3. Nxe5 Bd6 4. d4 dxe4 5. Nd2 Bxe5 6. dxe5 Nc6 7. Bb5 Bd7 8.
Nxe4 Nxe5 9. Bxd7+ Qxd7 10. Qe2 O-O-O 11. O-O Ne7 {Normal} 1/2-1/2

[Event "Rated Blitz game"]
[Site "?"]
[Date "2021.11.11"]
[Round "?"]
[White "passiwitz"]
[Black "RiskyBlitzer"]
[Result "1-0"]
[WhiteElo "2461"]
[BlackElo "2484"]
[PlyCount "73"]
[EventDate "2021.??.??"]
[EventType "blitz"]

1. e4 e5 2. Nf3 d5 3. Nxe5 dxe4 4. d4 Bd6 5. Nc4 Nc6 6. Be2 Nxd4 7. Nxd6+ Qxd6
8. O-O Nf6 9. Re1 Nxe2+ 10. Qxe2 O-O 11. Bg5 Bg4 12. Qe3 Bf5 13. Nc3 Ng4 14.
Qf4 Qxf4 15. Bxf4 c6 16. Nxe4 Bxe4 17. Rxe4 Rfe8 18. Rae1 Nf6 19. Rxe8+ Rxe8
20. Rxe8+ Nxe8 21. Bb8 a6 22. c4 f6 23. f3 Kf7 24. Kf2 Ke6 25. Ke3 c5 26. g4 g6
27. f4 f5 28. Ba7 Kd6 29. gxf5 gxf5 30. Kf3 Nf6 31. Kg3 Nd7 32. Kh4 Kc7 33. Kg5
b6 34. Kxf5 Kb7 35. Ke6 Nf8+ 36. Kf7 Nd7 37. Ke7 {Normal} 1-0

[Event "Rated Blitz game"]
[Site "?"]
[Date "2021.11.11"]
[Round "?"]
[White "Donde_esta_tu_rey"]
[Black "alaeldin1212"]
[Result "1-0"]
[WhiteElo "2513"]
[BlackElo "2388"]
[PlyCount "61"]
[EventDate "2021.??.??"]
[EventType "blitz"]

1. e4 e5 2. Nf3 d5 3. d4 dxe4 4. Nxe5 Bd6 5. Qh5 Qe7 6. Bc4 Be6 7. Bxe6 Qxe6 8.
O-O Nd7 9. f4 g6 10. Qe2 f5 11. c4 c5 12. d5 Qe7 13. Nxd7 Qxd7 14. b4 cxb4 15.
Bb2 Nh6 16. Bxh8 Ng4 17. Bd4 Qc7 18. Nd2 Bxf4 19. Nxe4 Bxh2+ 20. Kh1 O-O-O 21.
Ng5 h6 22. Ne6 Qe7 23. Qe1 Re8 24. g3 Qd6 25. Kg2 Kb8 26. Rd1 Rxe6 27. dxe6
Qc6+ 28. Rf3 g5 29. e7 Nf6 30. Bxf6 g4 31. e8=Q+ {Normal} 1-0

[Event "Rated Blitz game"]
[Site "?"]
[Date "2021.11.11"]
[Round "?"]
[White "LSUBrainandHand"]
[Black "Shuhratullo"]
[Result "1-0"]
[WhiteElo "2434"]
[BlackElo "2366"]
[PlyCount "21"]
[EventDate "2021.??.??"]
[EventType "blitz"]

1. e4 e5 2. Nf3 d5 3. Nxe5 Bd6 4. d4 dxe4 5. Nc3 Nf6 6. Bg5 Bf5 7. Qe2 O-O 8.
O-O-O h6 9. Bxf6 Qxf6 10. Nxe4 Qg6 11. Nxg6 {Normal} 1-0

[Event "Rated Blitz game"]
[Site "?"]
[Date "2021.11.11"]
[Round "?"]
[White "Tuzlukov_Daniil1982"]
[Black "knife_fork"]
[Result "1-0"]
[WhiteElo "2508"]
[BlackElo "2328"]
[PlyCount "113"]
[EventDate "2021.??.??"]
[EventType "blitz"]

1. e4 e5 2. Nf3 d5 3. d4 dxe4 4. Nxe5 Bd6 5. Bf4 Nf6 6. Nc3 O-O 7. Bc4 Nc6 8.
Nxc6 bxc6 9. Be5 Bf5 10. O-O Bxe5 11. dxe5 Ng4 12. Nxe4 Bxe4 13. Qxg4 Bxc2 14.
h4 c5 15. Rac1 Ba4 16. e6 Qd4 17. exf7+ Kh8 18. Qf3 Qxh4 19. Rfe1 Rad8 20. Re4
Qg5 21. Qe3 Qg6 22. Re1 Bc6 23. Qf3 Bxe4 24. Qxe4 Qxe4 25. Rxe4 g6 26. Re7 Kg7
27. Rxc7 Rd2 28. Rxc5 Rxb2 29. Ra5 Rb7 30. g4 Rfxf7 31. Bxf7 Rxf7 32. Kg2 h6
33. Kg3 g5 34. Ra6 Rb7 35. f3 Rd7 36. a4 Rf7 37. a5 Re7 38. Kf2 Rf7 39. Rc6 Re7
40. Rc5 Rf7 41. Ke3 Rd7 42. Ke4 Re7+ 43. Re5 Rf7 44. a6 Rf4+ 45. Ke3 Rf7 46.
Rb5 Re7+ 47. Kd4 Rd7+ 48. Ke5 Re7+ 49. Kd6 Rf7 50. Rb7 Kg6 51. Rxf7 Kxf7 52.
Kc7 Ke6 53. Kb7 Ke5 54. Kxa7 h5 55. gxh5 Kf4 56. h6 g4 57. fxg4 {Normal} 1-0

[Event "Rated Blitz game"]
[Site "?"]
[Date "2021.11.11"]
[Round "?"]
[White "IMAndrasToth"]
[Black "MrGreshen"]
[Result "1-0"]
[WhiteElo "2599"]
[BlackElo "2621"]
[PlyCount "147"]
[EventDate "2021.??.??"]
[EventType "blitz"]

1. e4 e5 2. Nf3 d5 3. exd5 e4 4. Qe2 Qe7 5. Nd4 Nf6 6. Nc3 Nbd7 7. d3 exd3 8.
Qxe7+ Bxe7 9. Bxd3 Nb6 10. Ndb5 Nfxd5 11. Nxd5 Nxd5 12. Be4 c6 13. Bxd5 cxb5
14. Be3 O-O 15. O-O-O a6 16. Rhe1 Bf6 17. Bc5 Rd8 18. Bb6 Rf8 19. h3 Bf5 20. g4
Bg6 21. f4 h6 22. f5 Bh7 23. Bb3 g6 24. fxg6 Bxg6 25. Rd6 Kg7 26. Rd7 Rae8 27.
Rxe8 Rxe8 28. Kd1 Bh4 29. Bd4+ Bf6 30. Bxf6+ Kxf6 31. Rxb7 h5 32. gxh5 Bxh5+
33. Kd2 Re2+ 34. Kd3 Rh2 35. Rb6+ Ke5 36. Rxa6 Rxh3+ 37. Kd2 b4 38. Rb6 Rh4 39.
Rb5+ Kd6 40. a4 bxa3 41. bxa3 Bg6 42. a4 Rh2+ 43. Kc3 Rh3+ 44. Kb4 Rh4+ 45. c4
Kc6 46. a5 Rh1 47. Rb6+ Kc7 48. c5 Rb1 49. Kc3 Rc1+ 50. Kb4 Rb1 51. a6 Bc2 52.
Kc3 Bxb3 53. Rxb3 Ra1 54. Rb6 Rc1+ 55. Kd4 Rd1+ 56. Ke5 Rc1 57. Rb7+ Kc6 58.
Rxf7 Kxc5 59. a7 Re1+ 60. Kf5 Ra1 61. Rb7 Kc6 62. Re7 Ra5+ 63. Kf6 Ra6 64. Re6+
Kb5 65. Rxa6 Kxa6 66. a8=Q+ Kb5 67. Qe4 Kc5 68. Qe5+ Kb6 69. Ke7 Ka6 70. Qd6+
Kb7 71. Qb4+ Ka8 72. Kd7 Ka7 73. Kc7 Ka6 74. Qa5+ {Time forfeit} 1-0

[Event "Rated Blitz game"]
[Site "?"]
[Date "2021.11.11"]
[Round "?"]
[White "Doktorlivsi"]
[Black "alaeldin1212"]
[Result "0-1"]
[WhiteElo "2423"]
[BlackElo "2384"]
[PlyCount "110"]
[EventDate "2021.??.??"]
[EventType "blitz"]

1. e4 e5 2. Nf3 d5 3. Nxe5 Bd6 4. d4 dxe4 5. Bc4 Bxe5 6. dxe5 Qxd1+ 7. Kxd1 Nc6
8. f4 exf3 9. gxf3 Nxe5 10. Re1 f6 11. f4 Bg4+ 12. Kd2 O-O-O+ 13. Kc3 Nf3 14.
Be6+ Kb8 15. Bxg4 Nxe1 16. Be3 Ng2 17. Bc5 b6 18. Ba3 h5 19. Bf3 Nxf4 20. Nd2
g5 21. Re1 g4 22. Bc6 Nh6 23. Ne4 f5 24. Nf6 Nf7 25. Be7 Rd6 26. Bxd6 cxd6 27.
Re7 Ne5 28. Nd7+ Nxd7 29. Rxd7 h4 30. Rb7+ Kc8 31. Rxa7 Rh6 32. Kb4 Rg6 33. Kb5
g3 34. Kxb6 Kd8 35. Rd7+ Ke8 36. hxg3 hxg3 37. Rxd6+ Ke7 38. Rd7+ Ke6 39. Rd2
g2 40. Bxg2 Rxg2 41. Rxg2 Nxg2 42. a4 Ne3 43. a5 Nc4+ 44. Kc5 Nxa5 45. Kd4 Nc6+
46. Ke3 Ke5 47. c3 f4+ 48. Kf3 Kf5 49. b4 Ne5+ 50. Kf2 Ke4 51. b5 Nc4 52. Ke2
f3+ 53. Kf2 Kf4 54. Kf1 Ke3 55. b6 Nxb6 {Normal} 0-1

[Event "Rated Blitz game"]
[Site "?"]
[Date "2021.11.11"]
[Round "?"]
[White "Semenychev_Alexander"]
[Black "Annali-annaliew1979"]
[Result "1-0"]
[WhiteElo "2425"]
[BlackElo "2456"]
[PlyCount "74"]
[EventDate "2021.??.??"]
[EventType "blitz"]

1. e4 e5 2. Nf3 d5 3. Nxe5 Qe7 4. d4 f6 5. Ng4 Nc6 6. Ne3 Qxe4 7. Nc3 Bb4 8. a3
Bxc3+ 9. bxc3 Nge7 10. Bd3 Qh4 11. O-O Bd7 12. Re1 O-O 13. a4 a6 14. Ba3 Rfe8
15. Rb1 Rab8 16. Qf3 Be6 17. g3 Qg5 18. h4 Qh6 19. Bc1 g5 20. Ng2 Qg7 21. Rxe6
Rf8 22. Ba3 Rf7 23. Rbe1 Rbf8 24. Qg4 h6 25. Ne3 f5 26. Qh5 f4 27. Ng4 fxg3 28.
fxg3 Rf6 29. Nxf6+ Rxf6 30. Bxe7 Rxe6 31. Rxe6 Nxe7 32. Qe8+ Qf8 33. Rxe7 Qxe8
34. Rxe8+ Kf7 35. Rc8 gxh4 36. gxh4 Kf6 37. Rxc7 b5 {Normal} 1-0

[Event "Rated Blitz game"]
[Site "?"]
[Date "2021.11.11"]
[Round "?"]
[White "NuhiJashari"]
[Black "MrGreshen"]
[Result "0-1"]
[WhiteElo "2513"]
[BlackElo "2600"]
[PlyCount "108"]
[EventDate "2021.??.??"]
[EventType "blitz"]

1. e4 e5 2. Nf3 d5 3. d4 exd4 4. e5 c5 5. b4 b6 6. bxc5 bxc5 7. c3 Nc6 8. Bb5
Bd7 9. O-O Nge7 10. cxd4 Nxd4 11. Nxd4 cxd4 12. Bxd7+ Qxd7 13. Qxd4 Nc6 14. Qd1
Bc5 15. Kh1 Bd4 16. Nc3 Bxc3 17. Rb1 O-O 18. f4 d4 19. Ba3 Rfb8 20. Qd3 Rxb1
21. Rxb1 Rb8 22. Rd1 Qd5 23. h3 Qxa2 24. Bd6 Re8 25. Qb5 Qc2 26. Rg1 Qe4 27.
Qa4 Qd5 28. Rd1 f6 29. Kh2 fxe5 30. fxe5 d3 31. Rxd3 Qxd3 32. Qxc6 Qg6 33. Qxc3
Qe6 34. Qa5 h6 35. Qxa7 Kh7 36. Qd4 Rc8 37. Qe4+ Qg6 38. Qxg6+ Kxg6 39. g4 Kf7
40. Kg3 Ke6 41. h4 Rc4 42. h5 Kd5 43. Kf3 Re4 44. Kg3 Ke6 45. Kf3 Ra4 46. Kg3
Ra8 47. Kf4 Ra4+ 48. Kg3 Ra2 49. Kf4 Rc2 50. Kf3 Rc4 51. Kg3 g5 52. hxg6 Rc3+
53. Kh4 Rc4 54. Kh5 Rf4 {Time forfeit} 0-1

[Event "Rated Blitz tournament 9w1Sl5vT"]
[Site "?"]
[Date "2021.11.11"]
[Round "?"]
[White "ThiesHeinemann"]
[Black "VVV-31"]
[Result "1-0"]
[WhiteElo "2601"]
[BlackElo "2346"]
[PlyCount "145"]
[EventDate "2021.??.??"]
[EventType "blitz"]

1. e4 e5 2. Nf3 d5 3. exd5 Bd6 4. Nc3 Nf6 5. Bb5+ c6 6. dxc6 Nxc6 7. d3 h6 8.
h3 O-O 9. Bxc6 bxc6 10. Ne4 Bc7 11. O-O Bf5 12. Nxf6+ Qxf6 13. Nd2 Qg6 14. Qf3
Rad8 15. Ne4 Bc8 16. Be3 f5 17. Nc3 Qd6 18. g3 f4 19. gxf4 exf4 20. Bxa7 Rf6
21. Ne4 Rg6+ 22. Kh2 Qe5 23. b3 Be6 24. Rg1 Bf7 25. Rxg6 Bxg6 26. Rg1 Bh5 27.
Qxh5 Qxh5 28. Nf6+ Kf7 29. Nxh5 f3+ 30. Ng3 Ra8 31. Bd4 Rxa2 32. Rc1 Bf4 33.
Be3 Be5 34. h4 Bb2 35. Rd1 Bc3 36. Ne4 Be5+ 37. Kh3 Rxc2 38. Kg4 Rb2 39. Nc5 g6
40. Kxf3 h5 41. d4 Bf6 42. Kg3 Be7 43. Rd3 Bd6+ 44. Kf3 Rb1 45. Ne4 Be7 46. Bg5
Bf8 47. Rc3 Ke8 48. Nd2 Rb2 49. Rxc6 Kd7 50. Rxg6 Bd6 51. Be3 Bb4 52. Nc4 Rxb3
53. Ne5+ Kc7 54. Rg7+ Kd6 55. Ke4 Rb1 56. Nc4+ Kc6 57. Rg6+ Kb5 58. Nd6+ Ka4
59. Nf5 Rh1 60. Ng3 Rxh4+ 61. Kd3 Rg4 62. Rxg4 hxg4 63. Kc4 Bd6 64. Ne4 Bh2 65.
Nf6 g3 66. fxg3 Bxg3 67. Ne4 Bh2 68. Bd2 Ka3 69. Bb4+ Ka2 70. d5 Kb2 71. Kd3
Kb3 72. Bc5 Ka4 73. Kc4 {Time forfeit} 1-0

[Event "Rated Blitz game"]
[Site "?"]
[Date "2021.11.11"]
[Round "?"]
[White "OlegL"]
[Black "Adim_Ayub"]
[Result "1/2-1/2"]
[WhiteElo "2459"]
[BlackElo "2361"]
[PlyCount "119"]
[EventDate "2021.??.??"]
[EventType "blitz"]

1. e4 e5 2. Nf3 d5 3. Nc3 dxe4 4. Nxe4 Nc6 5. Bb5 Bd7 6. O-O f6 7. c3 Nge7 8.
d4 exd4 9. Nxd4 Nxd4 10. Bxd7+ Qxd7 11. cxd4 O-O-O 12. Bf4 Qxd4 13. Qc2 Nc6 14.
Rfd1 Qb4 15. a3 Qb5 16. b4 Be7 17. Rac1 g5 18. Be3 h6 19. Rxd8+ Rxd8 20. Bxa7
Qd3 21. Qxd3 Rxd3 22. Bc5 f5 23. Bxe7 fxe4 24. Bf8 h5 25. h3 Nd4 26. Rc4 Ne2+
27. Kh2 e3 28. fxe3 Rxe3 29. Bd6 c6 30. b5 Kd7 31. Bc5 Re5 32. bxc6+ bxc6 33.
Bf2 Ra5 34. Rc5 Rxc5 35. Bxc5 Nc3 36. g4 hxg4 37. hxg4 Ke6 38. Kg3 Ke5 39. Be7
Nb5 40. Bxg5 Nxa3 41. Bc1 Nc4 42. Kh4 Kf6 43. Kh5 Kf7 44. Kh6 Ne5 45. g5 Ng6
46. Bb2 c5 47. Bc3 c4 48. Bb2 Nf4 49. Kh7 Nd3 50. Bc3 Nf4 51. Be5 Ng6 52. Bc3
Nf4 53. Bd2 Ng6 54. Bc1 Ne5 55. Bf4 Ng6 56. Bd2 Ne5 57. Bc3 Ng6 58. Bd2 Ne5 59.
Bc3 Ng6 60. Bd2 {Normal} 1/2-1/2

[Event "Rated Blitz game"]
[Site "?"]
[Date "2021.11.11"]
[Round "?"]
[White "Akbar2001"]
[Black "khalid_ontawar"]
[Result "0-1"]
[WhiteElo "2546"]
[BlackElo "2476"]
[PlyCount "98"]
[EventDate "2021.??.??"]
[EventType "blitz"]

1. e4 e5 2. Nf3 d5 3. exd5 e4 4. Qe2 Nf6 5. d3 Bf5 6. c4 Bb4+ 7. Bd2 Bxd2+ 8.
Nfxd2 O-O 9. dxe4 Nxe4 10. Nxe4 Bxe4 11. Nc3 Bg6 12. O-O-O Re8 13. Qd2 Nd7 14.
h4 h5 15. Bd3 Ne5 16. Bxg6 Nxg6 17. g3 Qf6 18. Rhe1 Ne5 19. Qe2 Nf3 20. Qxe8+
Rxe8 21. Rxe8+ Kh7 22. Ne4 Qf5 23. Rd3 f6 24. b3 Ne5 25. Re3 Qh3 26. Re7 Qf1+
27. Kd2 Kg6 28. Rxc7 f5 29. Ng5 Qxf2+ 30. Re2 Qd4+ 31. Ke1 Qg1+ 32. Kd2 Qd4+
33. Kc1 Qa1+ 34. Kd2 Qd4+ 35. Ke1 f4 36. Rxg7+ Kf5 37. gxf4 Nd3+ 38. Kf1 Qxg7
39. Ne6 Qa1+ 40. Kg2 Nxf4+ 41. Nxf4 Kxf4 42. d6 Qd1 43. Rf2+ Kg4 44. c5 Kxh4
45. Rf4+ Kg5 46. Rc4 h4 47. b4 Qe2+ 48. Kh3 Qxc4 49. d7 Qd3+ {Normal} 0-1

[Event "Rated Blitz game"]
[Site "?"]
[Date "2021.11.11"]
[Round "?"]
[White "DennisNavales39"]
[Black "Armament_Haki"]
[Result "0-1"]
[WhiteElo "2321"]
[BlackElo "2519"]
[PlyCount "120"]
[EventDate "2021.??.??"]
[EventType "blitz"]

1. e4 e5 2. Nf3 d5 3. exd5 e4 4. Nd4 Qxd5 5. Nb3 Qe5 6. Nc3 Nc6 7. Bb5 Bd7 8.
Qe2 Nf6 9. d4 Nxd4 10. Bxd7+ Nxd7 11. Nxd4 Qxd4 12. Qxe4+ Qxe4+ 13. Nxe4 O-O-O
14. O-O f5 15. Ng5 Re8 16. Be3 h6 17. Nf3 Bd6 18. Bd4 Rhg8 19. Rfe1 g5 20. Kf1
f4 21. Rxe8+ Rxe8 22. Re1 Rxe1+ 23. Nxe1 Bf8 24. Nd3 c5 25. Bc3 Kc7 26. Ne5
Nxe5 27. Bxe5+ Kc6 28. Ke2 Kd5 29. Bh8 c4 30. Kf3 Bc5 31. Bg7 h5 32. b3 cxb3
33. cxb3 Bd6 34. h3 Be5 35. Bh6 Bf6 36. h4 g4+ 37. Kxf4 Bxh4 38. f3 gxf3 39.
gxf3 Ke6 40. Bg7 Be7 41. Bd4 a6 42. Bf2 Bd8 43. Bd4 Be7 44. Bf2 Bd8 45. Bd4 Bf6
46. Bf2 b5 47. Be1 Be7 48. Bf2 Kf6 49. Bh4+ Kf7 50. Bxe7 Kxe7 51. Kg5 Ke6 52.
Kxh5 Kf5 53. Kh6 Kf4 54. Kg6 Kxf3 55. Kf6 Ke3 56. Ke5 Kd3 57. Kd5 Kc3 58. Kc5
b4 59. Kb6 Kb2 60. Ka5 Ka3 {Normal} 0-1

[Event "Rated Blitz game"]
[Site "?"]
[Date "2021.11.11"]
[Round "?"]
[White "tangor"]
[Black "AgingKnight"]
[Result "1-0"]
[WhiteElo "2421"]
[BlackElo "2333"]
[PlyCount "83"]
[EventDate "2021.??.??"]
[EventType "blitz"]

1. e4 e5 2. Nf3 d5 3. exd5 e4 4. Nd4 Qxd5 5. c3 Bd6 6. Na3 a6 7. Bc4 Qe5 8. Qe2
Nf6 9. d3 b5 10. Bb3 exd3 11. Qxe5+ Bxe5 12. O-O Bxd4 13. cxd4 O-O 14. Bf4 Nc6
15. d5 Nb4 16. Bxc7 Nbxd5 17. Be5 Bf5 18. Rfd1 Rfd8 19. f3 Rac8 20. g4 Bg6 21.
Kf2 h5 22. g5 Nd7 23. Bxg7 Kxg7 24. Bxd5 Ne5 25. Bb7 b4 26. Nb1 Rc2+ 27. Nd2
Nc4 28. Ke1 Re8+ 29. Be4 f5 30. gxf6+ Kxf6 31. Nxc4 Bxe4 32. fxe4 Rxe4+ 33. Kf1
Rexc4 34. Rxd3 Rf4+ 35. Kg1 Rff2 36. Rf1 Rxf1+ 37. Kxf1 Rxb2 38. Rd6+ Kg5 39.
Rxa6 Rxh2 40. Kg1 Rb2 41. Kh1 Kh4 42. Rb6 {Time forfeit} 1-0